Alphabet Breadcrumb Trail #10 - Statistics

General Stats
  • This quiz has been taken 3,140 times
  • The average score is 20 of 26
Answer Stats
Hint Answer % Correct
P Royal residence Palace
96%
N I of science Newton
90%
I Second son of A Isaac
89%
F One's legs' hands? Feet
88%
G Colour of a S King M? Green
88%
A Biblical patriarch Abraham
86%
M 5280 F Mile
86%
U Country in Ukraine? UK
85%
D M-high city Denver
83%
K Homophone of reverse T Knot
82%
T Heavy weight at N's end Ton
82%
W One of U's four Wales
82%
L Notable American A Lincoln
80%
J Singer D John
79%
E Dr. Seuss' are G Eggs
77%
B Famous P in U's capital Buckingham
76%
S Colbert of comedy Stephen
76%
H Animal within S Hen
74%
R It's sometimes tied in Ks Rope
73%
Y Part of a (singular) E Yolk
71%
Z Rhymes with H Zen
69%
Q Avian rhyme of W Quails
66%
O N J of X Olivia
63%
V O's final 3, + ble Viable
63%
X Kubla Khan's P Xanadu
60%
C W, to one of its natives Cymru
44%
No matching quizzes found
Score Distribution
Percent of People with Each Score
Percentile by Number Answered
Your Score History
You have not taken this quiz